00277nam a2200121Ia 4500008004100000082001300041100002100054245002900075250000800104260002700112300000800139650000800147191201s2019 xx 000 0 und d a658bMAE aMASSIE, Joseph L 0aEssentials of Management aRep aN.DelhibPrentice Hall a301 aMBA